| 000 | 00856am a2200313a 44500 | ||
|---|---|---|---|
| 003 | AR-BaBNM | ||
| 005 | 20251128210822.0 | ||
| 008 | 271020s1998 #AR|||||||||||000 | spa|| | ||
| 020 | _a950-765-067-9 | ||
| 040 | _cAR-BaBNM | ||
| 100 | 1 | _aBlum, Raymond | |
| 245 | 1 | 0 | _aMatemagia |
| 260 |
_aBuenos Aires _bEdiciones de Mente _bJuegos _c1998 |
||
| 300 |
_a95 p. _bil., tablas |
||
| 490 | 0 |
_aGente de mente _vv. 9 |
|
| 650 | 4 | _aENSEĆANZA DE LAS MATEMATICAS | |
| 650 | 4 | _aMAGIA | |
| 650 | 4 | _aACTIVIDADES RECREATIVAS | |
| 650 | 4 | _aJUEGO | |
| 650 | 4 | _aJUEGOS EDUCATIVOS | |
| 650 | 4 | _aCONCEPTOS NUMERICOS | |
| 650 | 4 | _aPENSAMIENTO LOGICO | |
| 650 | 4 | _aACTIVIDADES DE APRENDIZAJE | |
| 700 | 1 |
_aSinclair, Jeff _eilustrador |
|
| 800 | 1 |
_aPoniachik, Jaime _edirector |
|
| 800 | 1 |
_aSamoilovich, Daniel _edirector |
|
| 942 | _cBK | ||
| 998 | _cRAQUEL | ||
| 999 |
_c17059 _d17059 |
||